000 00428nam a22001577a 4500
003 OSt
008 260424b |||||||| |||| 00| 0 eng d
082 _a635.25
_bS16S
100 _aPrasad Satyendra
245 _aStudies on Varietal Adaptability and Optimal Planting Period of Onion
260 _aPusa, Samastipur
_bRAU
_c1989
300 _a50P.
502 _bMsc.
_d1989
650 _aVegetable & Floriculture
942 _2ddc
_cT
999 _c50170
_d50170